| 000 | 01008nac a22003257a 4500 | ||
|---|---|---|---|
| 001 | BR7700729 | ||
| 003 | BR-BrBNA | ||
| 005 | 20240105114024.0 | ||
| 008 | 230509b bl.|||m| |||| 00| 0 por d | ||
| 040 |
_aBR-BrBNA _bpor _cBiblioteca Nacional de Agricultura |
||
| 072 | _aF00; F25; E10 | ||
| 090 | _a1850 BR7700729 | ||
| 100 | 1 | _aCampos, A.C. | |
| 100 | 1 | _aTeixeira, T.D. | |
| 100 | 1 | _aTollini, H. | |
| 100 | 1 | _aSilva, J.F. da | |
| 110 | 1 | _aUniversidade Federal de Vicosa, MG (Brasil) | |
| 245 | 1 | _aAnalise agroeconomica da cultura do tomateiro, envolvendo variedade, adubacao e populacao de plantas | |
| 260 | 3 |
_aVicosa, MG (Brasil): _c1976. |
|
| 300 | _a23 p. | ||
| 490 |
_aExperientiae (Brazil) _vv. 22(5) _xISSN 0014-4762 |
||
| 500 | _a10 tables; 20 ref.; Summaries (En, Pt) | ||
| 650 | _aTOMATE | ||
| 650 | _aADUBACAO | ||
| 650 | _aVARIEDADE | ||
| 650 | _aANALISE ECONOMICA | ||
| 650 | _aMINAS GERAIS | ||
| 909 |
_a202312 _bLúcia Elande _c55 _dLúcia Elande |
||
| 942 |
_2AGRIS _n0 _cMS |
||
| 999 |
_c266937 _d266937 |
||